000 00538nam a2200181Ia 4500
003 GCL
008 140319s9999 xx 000 0 ara d
040 _aGCL /
_cGCL
082 0 4 _a810.809287
_bع م
100 1 _aعزالدين فراج
245 1 0 _aالمرأة فى حياة مشاهير الرجال /
_cعزالدين فراج
260 _a[S.N] :
_bدار الفكر العربى ،
_c1981
300 _a192ص
490 _a
650 0 4 _aالادب العربى
650 0 4 _aالمرأة فى الادب
942 _2ddc
_cBK
999 _c55215
_d55215